000 00872nas a2200253 4500
001 BR9701401
003 BR-BrBNA
005 20231205100037.0
007 ta
008 230509b bl.|||p| |||| 00| 00por d
040 _aBR-BrBNA
_bpor
_cBiblioteca Nacional de Agricultura
041 _a(Pt)
072 _aM12
100 1 _aMello, C.B.M. de
100 1 _aBertechini, A.G.
100 1 _aBarbosa, N.D. de C.
245 1 _aFrequencia de alimentacao e densidade de estocagem do pacu (Piararactus mesopotamicus Holmberg, 1887)na fase de crescimento, criado em sistema de tanque-rede
650 _aPacu
650 _aCriacao
650 _aCrescimento
773 0 _tArquivo Brasileiro de Medicina Veterinaria e Zootecnia (Brazil)
_xISSN 0102-0935
_g(Mar 1996), v. 48(Supl. 1) p. 125-132
_wBR9701401
909 _a202311
_bLúcia
_c55
_dLúcia Elande
942 _2AGRIS
_n0
_cANA
999 _c154088
_d154088